| 000 | 00603nam a22002057a 4500 | ||
|---|---|---|---|
| 999 |
_c93455 _d93455 |
||
| 005 | 20190206133654.0 | ||
| 010 | _aENG-112944 | ||
| 020 |
_c400.00 _a9788189297107 |
||
| 020 |
_c400.00 _a8189297104 |
||
| 035 | _aEN-96476, B-231114 | ||
| 035 | _aB-231110 | ||
| 037 | _bDBAD/PUB | ||
| 082 | _a920 | ||
| 100 | _aRolland, Romain | ||
| 245 |
_aA colossus named Vivekananda : _cby Romain Rolland _bwhose mission awaits completion / |
||
| 260 |
_aDelhi _bVijay Goel _c2006 |
||
| 270 |
_aS-16, Navin Shahdara, _bDelhi _e110032 |
||
| 300 |
_a198p. _c22cm(Hb) |
||
| 942 |
_2ddc _cEN _mVIV _h920 |
||